000 01220nam a2200301 i 4500
001 bg
245 0 0 _aPrawo ochrony środowiska Wspólnoty Europejskiej.
_nT. 6,
_pOdpady /
_c[red. pol. wyd. Janusz Żurek, Irena Zarukiewicz ; tł. z ang. Krzysztof Brzózka et al.] ; Min. Ochrony Środowiska, Zasobów Naturalnych i Leśnictwa, [Instytut Ochrony Środowiska].
246 _iTyt. oryg.:
_aEuropean Community environment legislation
260 _aWarszawa :
_b"GEA",
_ccop. 1996.
300 _aLVIII, 250 s. :
_bwykr. ;
_c24 cm.
500 _aOryg.: "European Community environment legislation. Vol.6: Waste" 1992.
504 _aIndeks aktów prawnych.
650 9 _aPrawo wspólnotowe europejskie
650 9 _aŚrodowisko człowieka
_xochrona
_xprawo
_zEuropa
650 9 _aOdpady
_xgospodarka
_xprawo
_zEuropa
700 1 _aŻUREK, Janusz.
_eRed.
700 1 _aZARUKIEWICZ, Irena.
_eRed.
700 1 _aBRZÓZKA, Krzysztof.
_eTł.
020 _a8386467061 (t.6)
020 _a8386467002 (t.1-8)
040 _cBPK
041 1 _apl
080 _a504+628.1/.5]:349.6(4)(094)
920 _a83-86467-06-1 ((t.6))
920 _a83-86467-00-2 ((t.1-8))
942 _cKS
008 s pl f |000 0 pol
999 _c31403
_d31403
856 _uhttp://koha.tu.koszalin.pl/cgi-bin/koha/opac-detail.pl?biblionumber=31403
_yKatalog online BPK